Anakkettukal / (Record no. 4618)
[ view plain ]
| 000 -LEADER | |
|---|---|
| fixed length control field | 00530cam a2200217ua 4500 |
| 041 ## - LANGUAGE CODE | |
| Language code of text/sound track or separate title | mal |
| 082 ## - DEWEY DECIMAL CLASSIFICATION NUMBER | |
| Classification number | 627.8 |
| Item number | RAM/AN |
| 100 ## - MAIN ENTRY--AUTHOR NAME | |
| Personal name | Ramachandran, K . |
| 245 ## - TITLE STATEMENT | |
| Title | Anakkettukal / |
| 260 ## - PUBLICATION, DISTRIBUTION, ETC. (IMPRINT) | |
| Place of publication | Thiruvananthapuram : |
| Name of publisher | State Instititute of Languages , |
| Year of publication | 1976. |
| 300 ## - PHYSICAL DESCRIPTION | |
| Number of Pages | 86 ; . |
| 942 ## - ADDED ENTRY ELEMENTS (KOHA) | |
| Koha item type | Books |
| Withdrawn status | Lost status | Damaged status | Home library | Current library | Date acquired | Full call number | Accession Number | Koha item type |
|---|---|---|---|---|---|---|---|---|
| KAUAET | 07/04/2012 | 627.8 | 14212 | Books | ||||
| KAUAET | 07/04/2012 | 627.8 | 14213 | Books | ||||
| KAUAET | 07/04/2012 | 627.8 | 14214 | Books | ||||
| KAUAET | 07/04/2012 | 627.8 | 14215 | Books | ||||
| KAUAET | KAUAET | 07/04/2012 | 627.8 | 14216 | Books |
